Statistics for County Seats Of Ohio - Map Quiz

Click here to take the quiz!

General Stats

  • This quiz has been taken 106 times
    (94 since last reset)
  • The average score is 46 of 88

Answers on the Map

Answers color-coded by a green-red scale on the quiz's map according to % correct below.
 

Answer Stats

CountySeat% Correct
HamiltonCincinnati
98%
CuyahogaCleveland
98%
LucasToledo
98%
SummitAkron
96%
FranklinColumbus
96%
ErieSandusky
93%
MontgomeryDayton
87%
MahoningYoungstown
87%
StarkCanton
84%
_______Ashland
82%
______Medina
80%
RichlandMansfield
78%
______Athens
76%
AllenLima
76%
________Delaware
73%
LickingNewark
73%
WoodBowling Green
71%
HancockFindlay
71%
ButlerHamilton
71%
ClarkSpringfield
71%
MuskingumZanesville
71%
________Defiance
69%
______Marion
69%
___ ____Van Wert
67%
FayetteWashington Court House
67%
OttawaPort Clinton
64%
_________Coshocton
62%
TrumbullWarren
62%
WayneWooster
62%
GreeneXenia
62%
LorainElyria
60%
WashingtonMarietta
60%
JeffersonSteubenville
60%
AshtabulaJefferson
58%
FairfieldLancaster
58%
SciotoPortsmouth
58%
RossChillicothe
56%
_______Jackson
56%
SenecaTiffin
56%
SanduskyFremont
53%
LawrenceIronton
53%
KnoxMount Vernon
53%
________Paulding
51%
UnionMarysville
49%
HockingLogan
47%
MorrowMount Gilead
47%
MiamiTroy
47%
AuglaizeWapakoneta
47%
LoganBellefontaine
44%
CrawfordBucyrus
44%
GalliaGallipolis
44%
TuscarawasNew Philadelphia
44%
PickawayCircleville
42%
DarkeGreenville
42%
HuronNorwalk
42%
PutnamOttawa
42%
GuernseyCambridge
40%
WarrenLebanon
40%
BelmontSt. Clairsville
40%
WyandotUpper Sandusky
40%
FultonWauseon
40%
WilliamsBryan
38%
CarrollCarrollton
38%
PrebleEaton
38%
HighlandHillsboro
38%
HenryNapoleon
38%
LakePainesville
38%
MercerCelina
36%
HardinKenton
36%
MadisonLondon
36%
PortageRavenna
36%
ChampaignUrbana
36%
HarrisonCadiz
31%
NobleCaldwell
31%
HolmesMillersburg
31%
ShelbySidney
31%
ClintonWilmington
31%
ClermontBatavia
29%
BrownGeorgetown
29%
GeaugaChardon
27%
PerryNew Lexington
24%
PikeWaverly
24%
AdamsWest Union
24%
MorganMcConnelsville
20%
MeigsPomeroy
20%
VintonMcArthur
18%
MonroeWoodsfield
18%
ColumbianaLisbon
16%

Score Distribution

Percentile by Number Answered

Percent of People with Each Score

Your Score History

You have not taken this quiz since the last reset